Statistics for Sparks Fly (TV) - Taylor Swift (All Lyrics)

Click here to take the quiz!

General Stats

  • This quiz has been taken 47 times
    (17 since last reset)
  • The average score is 292 of 350

Answer Stats

Lyrics% Correct
a
100%
fly
100%
I
100%
see
100%
sparks
100%
The
100%
the
100%
when
100%
you
100%
you,
100%
You
100%
around
93%
baby,
93%
'Cause
93%
down
93%
go
93%
Kiss
93%
lights
93%
me,
93%
me
93%
no
93%
not
93%
smile
93%
whenever
93%
with
93%
your
93%
you're
93%
You're
93%
and
86%
And
86%
away
86%
eyes,
86%
eyes
86%
green
86%
I'm
86%
in
86%
my
86%
My
86%
on
86%
pain
86%
pouring
86%
rain
86%
take
86%
that
86%
those
86%
to
86%
as
79%
Drop
79%
everything
79%
get
79%
Get
79%
is
79%
it
79%
it's
79%
It's
79%
meet
79%
now,
79%
of
79%
Oh,
79%
sidewalk
79%
sidewalk,
79%
somethin'
79%
something
79%
touch
79%
bad
71%
be
71%
But
71%
but
71%
cards
71%
Close
71%
close
71%
could
71%
enough
71%
far
71%
for
71%
front
71%
Give
71%
good
71%
haunt
71%
idea
71%
just
71%
Just
71%
know
71%
like
71%
really
71%
that'll
71%
way
71%
what
71%
won't
71%
couldn't
64%
forgets
64%
full
64%
hope
64%
house
64%
imagined
64%
kind
64%
kinda
64%
make
64%
mind
64%
move
64%
once
64%
patiently,
64%
remind
64%
rest
64%
run
64%
runnin'
64%
should
64%
stood
64%
than
64%
there
64%
thinkin'
64%
wait
64%
was
64%
wish
64%
would
64%
better
57%
even
57%
I'll
57%
rainstorm
57%
reckless
57%
send
57%
show
57%
staircase,
57%
watch
57%
wild
57%
world
57%
by
50%
captivated
50%
feel
50%
fingers
50%
fireworks
50%
guard
50%
hair
50%
keep
50%
keepin'
50%
lead
50%
right
50%
slow?
50%
soft
50%
through
50%
up
50%
whisper
50%
(Ah
43%
ah)
43%
find
43%
wrong
43%

Score Distribution

Percentile by Number Answered

Percent of People with Each Score

Your Score History

You have not taken this quiz since the last reset